Progress in nuclear physics (Record no. 3567)

MARC details
000 -LEADER
fixed length control field 00670nam a2200205Ia 4500
003 - CONTROL NUMBER IDENTIFIER
control field IN-BaIIA
008 - FIXED-LENGTH DATA ELEMENTS--GENERAL INFORMATION
fixed length control field 211028s9999 xx 000 0 eng d
040 ## - CATALOGING SOURCE
Transcribing agency IIA Library
080 ## - UNIVERSAL DECIMAL CLASSIFICATION NUMBER
Universal Decimal Classification number 539.1
Item number BRI-12.pt.1
245 #0 - TITLE STATEMENT
Title Progress in nuclear physics
Remainder of title vol. 12, pt.1, K. Meson Leptonic Decay
Statement of responsibility, etc. edited by Brink D. M. and Mulvey J. H.
260 ## - PUBLICATION, DISTRIBUTION, ETC.
Place of publication, distribution, etc. Oxford
Name of publisher, distributor, etc. Pergamon Press
Date of publication, distribution, etc. 1970
300 ## - PHYSICAL DESCRIPTION
Extent 75p.
650 ## - SUBJECT ADDED ENTRY--TOPICAL TERM
Topical term or geographic name entry element Muouns
9 (RLIN) 6308
650 ## - SUBJECT ADDED ENTRY--TOPICAL TERM
Topical term or geographic name entry element NASA Thesaurus
650 ## - SUBJECT ADDED ENTRY--TOPICAL TERM
Topical term or geographic name entry element Nuclear Interactions
9 (RLIN) 1888
650 ## - SUBJECT ADDED ENTRY--TOPICAL TERM
Topical term or geographic name entry element Nuclear Physics
9 (RLIN) 1527
700 ## - ADDED ENTRY--PERSONAL NAME
Personal name Brink, D. M.,ed.
9 (RLIN) 6309
700 ## - ADDED ENTRY--PERSONAL NAME
Personal name Mulvey, J. H., ed.
9 (RLIN) 6310
942 ## - ADDED ENTRY ELEMENTS (KOHA)
Koha item type Books
Holdings
Withdrawn status Lost status Damaged status Not for loan Home library Current library Shelving location Date acquired Cost, normal purchase price Total Checkouts Full call number Barcode Date last seen Cost, replacement price Price effective from Koha item type Purchase Price
        IIA Library-Bangalore IIA Library-Bangalore General Stacks 12/08/1970 24.75   539.1/ BRI-12.pt.1 3982 05/11/2021 24.75 12/08/1970 Books Rs. 24.75

Powered by Koha